Learning Resource and Development

Buffets (Record no. 18144)

MARC details
000 -LEADER
fixed length control field 00917cam a2200313 a 4500
001 - CONTROL NUMBER
control field buffetsknap00knap
003 - CONTROL NUMBER IDENTIFIER
control field CaSfIA
005 - DATE AND TIME OF LATEST TRANSACTION
control field 20230525154756.0
007 - PHYSICAL DESCRIPTION FIXED FIELD--GENERAL INFORMATION
fixed length control field cr||||
008 - FIXED-LENGTH DATA ELEMENTS--GENERAL INFORMATION
fixed length control field 840808s1984 caua 001 0 eng
010 ## - LIBRARY OF CONGRESS CONTROL NUMBER
LC control number 84019402
040 ## - CATALOGING SOURCE
Original cataloging agency DLC
Transcribing agency DLC
Modifying agency YDXCP
-- OTP
-- CaSfIA
020 ## - INTERNATIONAL STANDARD BOOK NUMBER
International Standard Book Number 0895351390
020 ## - INTERNATIONAL STANDARD BOOK NUMBER
International Standard Book Number 9780895351395
035 ## - SYSTEM CONTROL NUMBER
System control number (OCoLC)11090177
050 00 - LIBRARY OF CONGRESS CALL NUMBER
Classification number TX738.5
Item number .B84 1984
082 00 - DEWEY DECIMAL CLASSIFICATION NUMBER
Classification number 641.5
Edition number 19
029 1# - OTHER SYSTEM CONTROL NUMBER (OCLC)
OCLC library identifier NZ1
System control number 2876883
029 1# - OTHER SYSTEM CONTROL NUMBER (OCLC)
OCLC library identifier AU@
System control number 000003332985
245 00 - TITLE STATEMENT
Title Buffets
Medium [electronic resource]
260 ## - PUBLICATION, DISTRIBUTION, ETC.
Place of publication, distribution, etc. Los Angeles :
Name of publisher, distributor, etc. Knapp Press,
Date of publication, distribution, etc. c1984.
300 ## - PHYSICAL DESCRIPTION
Extent 119 p. :
Other physical details ill. ;
Dimensions 28 cm.
490 1# - SERIES STATEMENT
Series statement Cooking with Bon appétit
500 ## - GENERAL NOTE
General note Includes index.
650 #0 - SUBJECT ADDED ENTRY--TOPICAL TERM
Topical term or geographic name entry element Buffets (Cooking)
730 0# - ADDED ENTRY--UNIFORM TITLE
Uniform title Bon appétit.
830 #0 - SERIES ADDED ENTRY--UNIFORM TITLE
Uniform title Cooking with Bon appétit.
856 41 - ELECTRONIC LOCATION AND ACCESS
Uniform Resource Identifier <a href="http://www.archive.org/details/buffetsknap00knap">http://www.archive.org/details/buffetsknap00knap</a>
Public note Free eBook from the Internet Archive
Holdings
Withdrawn status Lost status Damaged status Not for loan Collection Home library Current library Date acquired Total Checkouts Full call number Date last seen Price effective from Koha item type
        Project Gutenberg Main Library Main Library 05/25/2023   TX738.5 .B84 1984 05/25/2023 05/25/2023 EBooks